Ciclo do leite (Registo nº 6012)

Detalhes MARC
000 -Etiqueta do registo
Valores 01358nam a2200277 4500
010 ## - Número ISBN
ISBN 9789895576753
021 ## - Número do Depósito Legal
Número 296862/09
100 ## - Dados gerais de processamento
Dados gerais 20250924d2010 c y0pory5003 ba
200 1# - Titulo e menção de responsabilidade
Título próprio Ciclo do leite
Primeira menção de responsabilidade Cristina Quental, Mariana Magalhães
Outras menções de responsabilidade il. Sandra Serra
205 ## - Menção da edição
Edição 2ª ed.
210 #9 - Publicação
Local de publicação Alfragide
Nome do editor Gailivro
Data de publicação 2009
215 ## - Descrição física 
Paginação / Volumes [26] p.
Outras indicações físicas muito il.
225 2# - Colecção 
Título próprio da colecção Onde vamos hoje
330 ## - Sumário ou Resumo
Texto da nota Depois do lanche a professora Tita fez uma pergunta difícil:<br/>- O que é que as crianças devem beber todos os dias para terem ossos e dentes fortes?<br/>- Leite!... – gritaram eufóricos.<br/>E tu, sabes de onde vem o leite? Atreve-te a entrar nesta visita de estudos para conheceres melhor o ciclo do leite, desde a origem até ao teu copo…<br/>Com a turma da professora Tita, visita uma pastagem, um posto de leite e uma fábrica de lacticínios.<br/>Para terminar, diverte-te com as lengalengas, a canção e a peça de teatro que vêm no final do livro. Mu, Mu, Mu…
606 ## - Nome comum usado como assunto
ID Autoridade 14
Palavra de ordem Literatura infantil
606 ## - Nome comum usado como assunto
ID Autoridade 15
Palavra de ordem Literatura Portuguesa
675 ## - CDU
Notação 82-93
Edição BN
Língua por
675 ## - CDU
Notação 821.134.3
Edição BN
Língua por
700 ## - Autor principal (pessoa individual)
Apelido Quental
Nome Cristina
Datas 1983-
ID Autoridade 5696
701 ## - Co-autor principal (pessoa individual)
Apelido Magalhães
Nome Mariana
Datas 1971-
ID Autoridade 5697
702 ## - Autor secundário (pessoa individual)
Apelido Serra
Nome Sandra
Datas 1968-
ID Autoridade 4049
801 #0 - Fonte de origem
País PT
Agência BEN2VN
Regras de catalogação RPC
830 ## - Notas gerais do catalogador
Criado por Tânia Croca
Data de criação 24/09/2025
990 ## - Elementos KOHA
Tipo de documento Livro
Exemplares
Situação do levantamento Biblioteca de origem Código de barras Cota Permissão de empréstimo Tipo de documento Forma de aquisição
  Biblioteca Escola Nº2 Vendas Novas 100000003231 LI POR/QUE   Livro  
  Biblioteca Escola Nº2 Vendas Novas 100000007334 LI POR/QUE   Livro  

Powered by Koha